Регионална библиотека "Любен Каравелов" - Русе

Островът под морето (Запис номер 41758)

MARC детайли
000 -Лидер
Контролно поле с фиксирана дължина 01378nam a2200349 c 4500
003 - Код на организацията, давaща контролен номер
Контролно поле BLK
005 - Дата и час на последна редакция
Контролно поле 20250628101128.0
008 - Елементи от данни с фиксирана дължина
fixed length control field 180408b bul|||||r ||||||| ||bul||
010 ## - Наследен системен номер
LC control number KNG00045341000
020 ## - Международен стандартен номер на книга ISBN
Международен стандартен номер на книга ISBN 978-954-529-903-2
-- издат.: Колибри
040 ## - Източник на каталожния запис
Идентификатор на билиотеката - собственик на записа BLK
041 ## - Код за език
Код за езика на текст/звукозапис или на отделно заглавие Български
Код за езика КДБФ Български
072 #7 - Код за тематичната категория
Код организация bullib
Код за тематична категория Н83
Текст Чужда художествена литература Н
080 ## - УДК
Текстов определител УДК Чилийска литература
УДК код - определител по УДК 821.134.2(83)
УДК определител -31
УДК - код + определител 821.134.2(83)-31
100 1# - Редна дума - Автор
Автор Алиенде, Исабел
Авторска отговорност първи автор
R(LIN) 30822
139 ## - Редно поле
Редна дума Алиенде, Исабел
Авторски знак Али - А 54
245 10 - Сведения за заглавието
Заглавие Островът под морето
Подзаглавни данни Роман
Редно поле (дума) Исабел Алиенде; прев. от исп. Маня Асенова Костова.
257 ## - Страна на издаване
Страна на създаване/издаване Чили
260 ## - Област на издателските данни
-- София
Име на издателя, разпространителя и проч. Колибри
Година на издаване 2011
Печатница София : Симолини
300 ## - Физическа характеристика
Страници 432 с.
Размери/Мащаб 20 см
380 ## - Жанр
Жанр Худож. лит.
500 ## - Общи забележки
Забележка Ориг. загл. La isla bajo el mar / Isabel Allende.
653 ## - Ключова дума – ненормативна
Ключова дума романи
659 ## - Тематичен бюлетин
Тематичен бюлетин Н
700 1# - Други автори (авторска отговорност)
Лично име Костова, Маня Асенова
Автороска отговорност (Описва отношението между автора и произведението) прев. от исп.
9 (RLIN) 277900
852 ## - Местоположение
Форматна сигнатура Цб 254232
856 4# - Електронен адрес и достъп
Електронен формат pdf - файл
Път до файла /url/
856 4# - Електронен адрес и достъп
Електронен формат pdf - файл
Път до файла /url/
942 ## - АРТИКУЛИ
Вид на библиотечния материал Книги
Скрит в OPAC Не
Koha issues (borrowed), all copies 50
944 ## - СЪЗДАВАНЕ И РЕДАКЦИЯ на ЗАПИСА
Създаване/Редакция Създаване
Дата на регистрацията/редакция 05.01.2012
Статус, дата на статуса Моника Янева
Служител, извършил регистрацията/редакцията 30570
944 ## - СЪЗДАВАНЕ И РЕДАКЦИЯ на ЗАПИСА
Създаване/Редакция Редакция
Дата на регистрацията/редакция 12.12.2014
Статус, дата на статуса ф /
Служител, извършил регистрацията/редакцията Людмила_Стоянова
999 ## - СИСТЕМНИ КОНТРОЛНИ НОМЕРА
Koha biblionumber 41758
Koha biblioitemnumber 41758
Наличности
Код за отписване Код за изгубен артикул Източник на класификационната схема Код за повреда Коз за рестрикции Код за отдаване Артикулен № Име на библиотеката - собственик Име на библиотеката, в която се намира в момента Статус (Текущо местоположение) Дата на вписване в системата Местоположение - отдел Цена в лева Инвентарен номер Систематично азбучна сигнатура Баркод Номер на екземпляра Цена в евро Служебна бележка Служебен тип на артикула
  Не е изгубен Universal Decimal Classification Не е повреден без рестрикции заемане за дома 65426 Регионална библиотека "Любен Каравелов" Русе Регионална библиотека "Любен Каравелов" Русе Заемна - подръчен фонд 2011-12-19 Заемна - подръчен фонд 16.00 120000755784 П 821-31/А 54 120000755784 1 8.18 Дост: Pk Вид: Ф N: 291 Дата: 15.12.2011 Дата инв: 09.02.2018 Бележки инв: П2018 Книги
Изтеглен Не е изгубен Universal Decimal Classification Не е повреден без рестрикции заемане за дома 65427 Регионална библиотека "Любен Каравелов" Русе Регионална библиотека "Любен Каравелов" Русе Заемна - подръчен фонд 2011-12-19 Заемна - подръчен фонд 16.00 120000755942 П 821-31/А 54 120000755942 2 8.18 Дост: Pk Вид: Ф N: 291 Дата: 15.12.2011 Дата инв: 09.02.2018 Бележки инв: П2018 Книги
  Не е изгубен   Не е повреден без рестрикции ползва се в читалня 65428 Регионална библиотека "Любен Каравелов" Русе Регионална библиотека "Любен Каравелов" Русе Хранилище 2013-03-20 Хранилище 16.00 120000765203 Цб 254232 120000765203 3 8.18 Дост: Dp Вид: Д N: 48 Дата: 21.11.2011 Книги
  Не е изгубен Universal Decimal Classification Не е повреден без рестрикции заемане за дома 65429 Регионална библиотека "Любен Каравелов" Русе Регионална библиотека "Любен Каравелов" Русе Заемна - подръчен фонд 2014-12-10 Заемна - подръчен фонд 16.00 120000783613 П 821-31/А 54 120000783613 4 8.18 Дост: Pk Вид: Ф N: 422 Дата: 10.12.2014 Дата инв: 09.02.2018 Бележки инв: П2018 Книги
Vip Innovations Ltd, Rousse, Bulgaria 2025